ABC programátora v jazyce C, C plus

Saved in:
Bibliographic Details
Main Author: Herout, Pavel
Other Authors: Rudolf, Vladimír, Šmrha, Pavel
Format: Book
Language:Czech
Published: České Budějovice KOPP 1992
Edition:1. vyd.
Subjects:
Tags: Add Tag
No Tags, Be the first to tag this record!

MARC

LEADER 00000nam a2200000 4500
001 c001113
005 20221214091713.5
020 |a 80-901051-2-2 
041 0 |a cze 
044 |a CZ 
245 1 0 |a ABC programátora v jazyce C, C plus  |c Pavel Herout, Vladimír Rudolf, Pavel Šmrha 
250 |a 1. vyd. 
264 1 |a České Budějovice  |b KOPP  |c 1992 
300 |a 283 s. 
610 2 0 |a jazyky programovacie 
610 2 0 |a C 
610 2 0 |a ANSI C 
610 2 0 |a C plus 
610 2 0 |a softvér 
100 1 |a Herout, Pavel 
700 1 |a Rudolf, Vladimír 
700 1 |a Šmrha, Pavel